000 00628naa a2200205 i 4500
001 51870
003 ES-MaBCM
005 20241016111315.0
008 980323s1997 ita 000 0 ita d
021 _axx
035 _a(OCoLC)1365270329
040 _cES-MaBCM
041 0 _aita
043 _aita
100 1 _aCollier, David
_910321
245 1 0 _aDemocrazia con aggettivi
_b: l'innvazione concettuale nella ricerca comparata
_cDavid Collier
650 2 7 _aDemocracia
_958263
773 0 _aEn:
_tRivista italiana di scienza politica
_dBologna : 1997
_w104693
_ganno XXVII, n. 3, dic., p. 449-476. - Loc. S.13
942 _cAREV
999 _c51870
_d51870